More sideways arithmetic from Wayside School / (Record no. 2128)

MARC details
000 -LEADER
fixed length control field 00939cam a2200301 a 4500
005 - DATE AND TIME OF LATEST TRANSACTION
control field 20231110113704.0
020 ## - INTERNATIONAL STANDARD BOOK NUMBER
International Standard Book Number 0590477625
020 ## - INTERNATIONAL STANDARD BOOK NUMBER
International Standard Book Number 9780590477628
040 ## - CATALOGING SOURCE
Original cataloging agency DLC
Transcribing agency DLC
Modifying agency DLC
Language of cataloging eng
050 00 - LIBRARY OF CONGRESS CALL NUMBER
Classification number PZ7.S1185
Item number Mor 1994
082 00 - DEWEY DECIMAL CLASSIFICATION NUMBER
Classification number 793.74
Edition number 22
100 1# - MAIN ENTRY--PERSONAL NAME
Personal name Sachar, Louis
Dates associated with a name 1954-
245 10 - TITLE STATEMENT
Title More sideways arithmetic from Wayside School /
Statement of responsibility, etc. Louis Sachar.
250 ## - EDITION STATEMENT
Edition statement First Scholastic printing, June 2004
260 ## - PUBLICATION, DISTRIBUTION, ETC.
Place of publication, distribution, etc. New York :
Name of publisher, distributor, etc. Scholastic,
Date of publication, distribution, etc. 1994
300 ## - PHYSICAL DESCRIPTION
Extent 94 pages :
Dimensions 19 cm
500 ## - GENERAL NOTE
General note "An Apple paperback."
500 ## - GENERAL NOTE
General note Sequel to: Sideways arithmetic from Wayside School.
505 ## - FORMATTED CONTENTS NOTE
Formatted contents note M
520 ## - SUMMARY, ETC.
Summary, etc. Join Mrs. Jewls's class and try solving over fifty math puzzles and brainteasers.
521 ## - TARGET AUDIENCE NOTE
Target audience note 630
Source Lexile
521 ## - TARGET AUDIENCE NOTE
Target audience note M
Source Raz-Plus
650 #1 - SUBJECT ADDED ENTRY--TOPICAL TERM
Topical term or geographic name entry element Schools
Form subdivision Fiction.
650 #1 - SUBJECT ADDED ENTRY--TOPICAL TERM
Topical term or geographic name entry element Literary recreations.
906 ## - LOCAL DATA ELEMENT F, LDF (RLIN)
a 7
b cbc
c orignew
d 3
e ncip
f 20
g y-gencatlg
942 ## - ADDED ENTRY ELEMENTS (KOHA)
Source of classification or shelving scheme Dewey Decimal Classification
Koha item type Books
Suppress in OPAC No
999 ## -
-- 2128
-- 2128
Holdings
Withdrawn status Lost status Source of classification or shelving scheme Damaged status Not for loan Collection Home library Current library Shelving location Date acquired Total Checkouts Full call number Barcode Date last seen Price effective from Koha item type
    Dewey Decimal Classification     Juvenile Fiction Footprints International School Library Network Toul Kork Campus Footprints International School Library Network Toul Kork Campus TK Primary Library Room(4th Floor), Bookcase 3&4, Shelves 17-32, Yellow Books 11/07/2023   SAC 793.74 PZ7.S1185 FISTK04859 11/07/2023 11/07/2023 Books